Ανάπτυξη εφαρμογών σε προγραμματιστικό περιβάλλον : τεχνολογικής κατεύθυνσης

Αποθηκεύτηκε σε:
Λεπτομέρειες βιβλιογραφικής εγγραφής
Κύριος συγγραφέας: Αργυρός, Μανώλης
Άλλοι συγγραφείς: Μαραγκός, Κωνσταντίνος
Μορφή: Βιβλίο
Γλώσσα:Greek
Δημοσίευση: Αθήνα : Κωστόγιαννος, c2002
Σειρά:Βιβλία για το ενιαίο λύκειο
Θέματα:
Ετικέτες: Προσθήκη ετικέτας
Δεν υπάρχουν, Καταχωρήστε ετικέτα πρώτοι!

MARC

LEADER 00000nam a2200000 i 4500
001 1/93336
008 080905s2002 gre d
020 |a 960-543-125-4 
035 |l 10099954 
040 |a GR-MY-UA  |b gre  |e aacr 
041 0 |a gre 
082 0 |a 005.1  |2 (22) 
100 1 |a Αργυρός, Μανώλης. 
245 1 0 |a Ανάπτυξη εφαρμογών σε προγραμματιστικό περιβάλλον :  |b τεχνολογικής κατεύθυνσης /  |c Μανώλης Αργυρός - Κων/νος Μαραγκός 
260 |a Αθήνα :   |b Κωστόγιαννος,   |c c2002 
300 |a 335 σ.;  |c 24 εκ.+  |e 1 φυλλάδιο (30 σ.) 
490 1 |a Βιβλία για το ενιαίο λύκειο 
500 |a Περιέχει : συνοπτική θεωρία, λυμένες ασκήσεις, προτεινόμενα θέματα, θέματα εξετάσεων. 
650 0 0 |a Computer programming  |x Study and teaching (Higher) 
650 0 0 |a Computer algorithms  |x Study and teaching (Higher) 
700 1 |a Μαραγκός, Κωνσταντίνος. 
830 0 |a Βιβλία για το ενιαίο λύκειο 
852 |a INST  |b SYROS  |e 20080905  |h 005.1 ΑΡΓ  |p 005500005550  |q 005500005550  |t BK  |y 0 
852 |a INST  |b SYROS  |e 20080929  |h 005.1 ΑΡΓ  |p 005500009081  |q 005500009081  |t BK  |y 0 
901 |a BIBL5-2008-2 
909 |a Ε  |b 144484 
922 |a 5ΕΛΗ  |b 200801  |c ΕΠΕΑΕΚ2/ΤΜΣΠΣ  |d Σ. ΠΑΤΑΚΗΣ 
970 |a ΚΑΓΙΑΒΑ  |b ΕΙΡΗΝΗ  |z 2008/09/05